Представление документа в формате RUSMARC

ПолеНазваниеЗначение
  Тип записи a
  Библиографический уровень m
001 Контрольный номер RU/ГПНТБ России/IBIS/63.3(2)/Б 77-557155042
005 Дата корректировки 20220615101832.0
010 Индекс ISBN __
a ISBN 978-5-378-28798-7
b Уточнения в пер.
9 Тираж 5000 экз.
d Цена 252-17
100 Данные общей обработки __
a Данные общей обработки 20210804d2018####cd y0rusy028902 ca
101 Язык документа 0_
a Язык текста rus
102 Страна публикации __
a Страна публикации RU
105 Кодированные данные (монография) __
a Кодированные данные (монография) a f 000yd
181 Поле кодированных данных: вид содержания _0
a Код вида содержания (ISBD) i
182 Поле кодированных данных: тип средства _0
a Код типа средства (ISBD) n
200 Заглавие и сведения об ответственности 1_
a Заглавие Великие полководцы (IX-XIX вв.)
e Сведения, относящиеся к заглавию для чтения взрослыми детям
f Первые сведения об ответственности автор текста Олег Бойко; иллюстрации Сергея Обоймова
203 Вид содержания и тип средства __
a Вид содержания Текст
c Тип средства непосредственный
210 Выходные данные 1_
a Место издания Ростов-на-Дону
c Издательство Проф-Пресс
d Дата издания 2018
215 Физическое описание __
a Объем 93, [1] с.
c Иллюстрации/тип воспроизводства цв. ил.
d Формат 25 см
225 Серия 2_
a Серия Энциклопедия о России
300 Общие примечания __
a Общие примечания Заглавие обложки и в макете: Великие полководцы
330 Аннотация __
a Аннотация Эта книга познакомит вас с выдающимися полководцами и флотоводцами России IX-XIX вв., начиная с основателя Древнерусского государства великого князя Олега и заканчивая создателем Черноморского флота адмиралом Фёдором Фёдоровичем Ушаковым. Для чтения взрослыми детям.
512 Заглавие обложки 1_
a Заглавие обложки Великие полководцы
606 Тематические рубрики __
a Основная рубрика Военное дело
606 Тематические рубрики __
a Основная рубрика Вооруженные силы в целом
y Географическая подрубрика Россия
z Хронологическая подрубрика 9 - 19 вв.
610 Ключевые слова 0_
a Ключевые слова полководцы
610 Ключевые слова 0_
a Ключевые слова флотоводцы
610 Ключевые слова 0_
a Ключевые слова детская литература
610 Ключевые слова 0_
a Ключевые слова познавательная литература
610 Ключевые слова 0_
a Ключевые слова развивающая литература
610 Ключевые слова 0_
a Ключевые слова персоналии
610 Ключевые слова 0_
a Ключевые слова биографии
610 Ключевые слова 0_
a Ключевые слова исторические личности
686 Индексы других классификаций __
2 Код системы rubbks
a Классификационный индекс мл68я2
702 Вторичная интеллектуальная ответственность _1
a Фамилия Обоймов
b Имя С.
g Полное личное имя Сергей
4 Код отношения 440
702 Вторичная интеллектуальная ответственность _1
a Фамилия Бойко
b Имя О.
g Полное личное имя Олег
4 Код отношения 220
801 Источник записи _0
b Организация ГПНТБ России
a Страна RU
c Дата составления 20210804
g Правила каталогизации PSBO
801 Источник записи _1
b Организация ГПНТБ России
a Страна RU
c Дата составления 20210804
g Правила каталогизации PSBO
852 Данные о местонахождении 5_
j Шифр хранения мл68я2
i Авторский знак В 27
900 Макрообъекты __
a Макрообъекты Великие полководцы (IX-XIX вв.), 2018
901 Тип документа __
a Ответственный КиК/Лукашук
t Тип документа m
903 Характеристики (МАРС) __
a Дата передачи 20210804
c Наименование библиотеки (МАРС) Муниципальное бюджетное учреждение культуры "Централизованная библиотечная система" г. Сургут (Центральная городская библиотека им. А. С. Пушкина)
969 Тип издания __
a Тип издания издание для детей
a Тип издания энциклопедия
a Тип издания научно-популярное издание
990 Данные о заказе (DOS) __
j Количество экземпляров (DOS) 6
t N записи в КСУ для И/У (DOS) 202108